| 000 | 00812nam a2200241Ia 4500 | ||
|---|---|---|---|
| 003 | OSt | ||
| 005 | 20251024112326.0 | ||
| 008 | 210716s2017 xx 000 0 und d | ||
| 020 | _a9789352135615 | ||
| 040 | _cAIMIT LIBRARY | ||
| 041 | _aeng | ||
| 082 |
_a005.76821 _21 _bKARH |
||
| 100 |
_aKarau, Holden. _9242653 |
||
| 245 |
_aHigh performance spark : _bbest practices for scaling and optimizing apache spark / _cBy Holden Karau and Rachel Warren. |
||
| 250 | _a1st | ||
| 260 |
_aNew Delhi : _bShroff Publications and Distributers Pvt Ltd , _c2017. |
||
| 300 |
_axiv,339p. ; _bPB _c23.5 cm |
||
| 650 |
_aHow spark works _9242654 |
||
| 650 |
_aEffective transformation _9242669 |
||
| 650 |
_aTesting and validation _9242670 |
||
| 700 |
_aWarren, Rachel. _9242655 |
||
| 942 |
_2ddc _cBK _e1st _k005.76821 KARH |
||
| 999 |
_c195829 _d195829 |
||